000
00223nam a2200085Ia 4500
008
170620s9999 xx 000 0 und d
100
_a
Sharma- Kadambari
245
0
_a
Teaching of Economics
260
_b
New Delhi- Commonwealth Publishers
260
_c
2006
999
_c
24580
_d
24580